| 000 | 00556nam a22001937a 4500 | ||
|---|---|---|---|
| 003 | BSU | ||
| 005 | 20250220100411.0 | ||
| 008 | 250220b |||||||| |||| 00| 0 eng d | ||
| 020 | _a9780281064380 | ||
| 040 |
_aBSU LIB _beng _cBSU _dBSU |
||
| 050 |
_a291.3 _bRAC |
||
| 082 |
_a291.3 _bRAC |
||
| 100 |
_aRace Alan _925007 |
||
| 245 |
_aMaking Sense of Religious Pluralism _bShaping theology of religions for our times |
||
| 260 |
_aLondon _bSPCK _cc2013 |
||
| 300 |
_axiv,98p. _bAppendix _c28.8cm |
||
| 700 |
_aRace,Alan _925008 |
||
| 942 |
_2ddc _cBK _k291.3 _m291.3 |
||
| 999 |
_c12824 _d12824 |
||